| 000 | 00640nam a22002297a 4500 | ||
|---|---|---|---|
| 001 | 0038 | ||
| 003 | DO-SdBNP | ||
| 005 | 20180124103044.0 | ||
| 007 | 0038 | ||
| 008 | 151112b cl 2005|| |||| 00| 0 spa d | ||
| 020 | _a9789588201757 | ||
| 040 |
_aBPMSU _bspa _cBPMSU |
||
| 092 |
_axxxxxxx _bxxxxxxx |
||
| 100 | 1 | 0 | _aLerebours, Josefina |
| 245 | 1 | 0 |
_aEsperando un milagro / _cJosefina Lerebours |
| 260 |
_aColombia : _b[s. n.], _c2005 |
||
| 300 |
_a220 p. ; _c21 cm. |
||
| 500 | _aIncluye datos biográficos de la autora en la contracubierta | ||
| 942 |
_2ddc _cBK |
||
| 945 | _aInventariado, 2018 / BT | ||
| 956 |
_aBTAVAREZ _b10 _c20180124 _d0038 |
||
| 999 |
_c8686 _d8686 |
||